Paesi nominati nella pagina Wikipedia degli Stati Uniti - Statistics

Statistiche generali
  • Questo quiz è stato fatto 143 volte
  • Il punteggio medio è 31 su 42
Statistiche sulle risposte
Volte in cui viene nominato Indizio (basato sul motivo per cui lo stato è nominato nella pagina Wikipedia) Paese % Corretto
8 Paese confinante Canada
100%
8 Paese confinante Messico
100%
12 Paese da cui gli USA hanno ottenuto l'indipendenza Regno Unito
99%
4 Paese da cui gli USA hanno acquistato la Louisiana Francia
98%
4 Gli USA sono il quarto paese al mondo per superificie, dopo questo Cina
97%
2 Paese d'origine di moltissimi statunitensi Italia
97%
7 Paese da cui gli USA hanno acquistato l'Alaska Russia
97%
5 Paese da cui gli USA hanno acquistato la Florida Spagna
97%
3 Questo paese ha attaccato gli USA nel 1941, trascinandoli nella Seconda Guerra Mondiale Giappone
96%
3 Dopo l'invasione tedesca di questo paese, gli USA si sono mantenuti neutrali Polonia
93%
5 Paese invaso dagli USA nel 2003 Iraq
91%
1 Paese d'origine di moltissimi statunitensi Germania
90%
2 Paese in cui gli USA hanno condotto una fallimentare guerra negli anni '60 e '70 Vietnam
90%
1 Gli USA non hanno formali relazioni diplomatiche con questo paese Iran
88%
3 Paese in cui gli USA sono intervenuti militarmente all'inizio del '900 Cuba
86%
3 Gli USA sono stati tra i paese più colpiti dal covid-19, assieme a questo paese India
85%
1 Gli USA sono stati tra i paese più colpiti dal covid-19, assieme a questo paese Brasile
83%
4 Paese invaso dagli USA nel 2001 Afghanistan
82%
2 Paese che ha colonizzato parte dell'attuale costa orientale degli USA Paesi Bassi
82%
2 Paese d'origine di moltissimi statunitensi Irlanda
80%
1 Gli USA non hanno formali relazioni diplomatiche con questo paese Corea del Nord
78%
1 Paese, non membro NATO, strettamente alleato degli USA Australia
77%
1 Paese, non membro NATO, strettamente alleato degli USA Israele
77%
1 Paese che ha colonizzato parte dell'attuale costa orientale degli USA Svezia
74%
1 I lavoratori di questo paese hanno una maggiore produttività per ora lavorata rispetto a quelli statunitensi Belgio
70%
1 I lavoratori di questo paese hanno una maggiore produttività per ora lavorata rispetto a quelli statunitensi Norvegia
69%
1 Paese, non membro NATO, strettamente alleato degli USA Nuova Zelanda
69%
1 Paese da cui gli USA hanno acquistato le Isole Vergini Americane Danimarca
68%
1 Paese da cui molti sono emigrati verso gli USA nel '900 Ucraina
67%
1 Paese in cui i Navy Seals statunitensi hanno ucciso Osama Bin Laden Pakistan
65%
1 Paese da cui molti sono emigrati verso gli USA nel '900 Grecia
61%
1 Paese in cui gli USA sono intervenuti militarmente all'inizio del '900 Panama
55%
1 Paese in cui gli USA sono intervenuti militarmente all'inizio del '900 Haiti
50%
1 Unico paese industrializzato, assieme a Cina e USA, a non avere una copertura sanitaria nazionale Sudafrica
50%
1 Paese conquistato dagli USA con la guerra ispanoamericana Filippine
49%
1 Gli USA non hanno formali relazioni diplomatiche con questo paese Taiwan
48%
1 Paese d'origine di molti ebrei che migrarono negli USA Ungheria
47%
1 Paese da cui molti sono emigrati verso gli USA nel '900 Bielorussia
45%
1 I lavoratori di questo paese hanno una maggiore produttività per ora lavorata rispetto a quelli statunitensi Lussemburgo
41%
1 Paese in cui gli USA sono intervenuti militarmente all'inizio del '900 Nicaragua
34%
1 Gli USA non hanno formali relazioni diplomatiche con questo paese Sudan
30%
1 Gli USA non hanno formali relazioni diplomatiche con questo paese Bhutan
22%
Nessun quiz corrispondente trovato
Distribuzione punteggi
Percentuale di utenti per punteggio
Percentile per numero di risposta
I tuoi punteggi nel tempo
Non hai fatto questo quiz